| 000 | 00615nam a22002057a 4500 | ||
|---|---|---|---|
| 003 | 0 | ||
| 005 | 20250911114658.0 | ||
| 008 | 250911b xxu||||| |||| 00| 0 eng d | ||
| 020 | _a978-1-83683-054-2 | ||
| 050 |
_aQC 21.2 _b.A73 2025 |
||
| 100 |
_aArcher, Miles, _eauthor. |
||
| 245 |
_aFundamentals of physics / _cMiles Archer. |
||
| 250 | _aFirst edition. | ||
| 260 |
_aLondon : _bVintage Press Ltd, _c2025. |
||
| 300 |
_aix, 268 pages : _bcolored illustrations ; _c24 cm. |
||
| 504 | _aIncludes bibliographical references and index. | ||
| 650 |
_aPhysics _xTextbooks. |
||
| 650 | _aPhysics. | ||
| 942 |
_2lcc _cBK |
||
| 999 |
_c367885 _d367885 |
||